000 01237cab a2200265 4500
001 ABS67405
008 040203n2003 000 0 eng u
035 _a(Sirsi) u124990
100 _aPritchett, I.
245 4 _aThe need for tax breaks in the construction of sustainable homes
260 _c2003
490 _aSite Recorder
_v121(1448) December 2003, 8(1)
520 _aArgues that the construction industry needs to be offered tax reduction incentives to encourage its greater involvement in sustainable construction and refurbishment of houses and flats, which is central to the governmentsustainable communities plan. Details aspects of green construction such as use of renewable energy, environmentally friendly building materials and the Eco Homes construction benchmark, all of which would be taken up more if tax breaks were in place.
590 _aABS
650 _aCONSTRUCTION INDUSTRY
650 _aGREEN HOMES
650 _aENVIRONMENTALLY FRIENDLY BUILDINGS
650 _aRENEWABLE ENERGY
650 _aBUILT ENVIRONMENT-BUILDING MATERIALS
650 _aTAX BREAKS
650 _aGREEN HOMES
650 _aBRE ECO HOMES STANDARD
690 _aBUILT ENVIRONMENT-SUSTAINABLE CONSTRUCTION
942 _n0
999 _c74100
_d74100